La calidad de una obra / (Registro nro. 11473)

Detalles MARC
000 -LEADER
fixed length control field 01521nam a2200253Ia 4500
003 - CONTROL NUMBER IDENTIFIER
control field OSt
005 - DATE AND TIME OF LATEST TRANSACTION
control field 20210413135254.0
008 - FIXED-LENGTH DATA ELEMENTS--GENERAL INFORMATION
fixed length control field 210310s2011 ck ad gr 000 0 spa d
020 ## - INTERNATIONAL STANDARD BOOK NUMBER
International Standard Book Number 9789588675350
040 ## - CATALOGING SOURCE
Original cataloging agency CO-JMCR
Transcribing agency CO-JMCR
041 ## - LANGUAGE CODE
Language code of text/sound track or separate title spa
082 04 - DEWEY DECIMAL CLASSIFICATION NUMBER
Classification number 690 /
Item number V795c
Edition number 23
100 1# - MAIN ENTRY--PERSONAL NAME
Personal name Viola, Enrique,
Relator term autor
9 (RLIN) 25619
245 13 - TITLE STATEMENT
Title La calidad de una obra /
Statement of responsibility, etc. Enrique Viola
260 ## - PUBLICATION, DISTRIBUTION, ETC.
Place of publication, distribution, etc. Bogotá :
Name of publisher, distributor, etc. Ediciones de la U,
Date of publication, distribution, etc. 2011.
300 ## - PHYSICAL DESCRIPTION
Other physical details 443 páginas :
Extent ilustraciones en blanco y negro ;
Dimensions 21 cm.
490 0# - SERIES STATEMENT
Series statement Arquitectura
500 0# - GENERAL NOTE
General note Datos biográficos del autor en tapa posterior.
505 0# - FORMATTED CONTENTS NOTE
Formatted contents note La calidad de una obra. -- Terreno. -- El proyecto. -- Documentación del proyecto. -- Barreras arquitectónicas. -- Construcción. -- Certificación. -- Instalaciones temporarias. -- Movimiento de tierra. -- Albañilería. -- Hormigón armado. -- Obras de refacción estructuras. -- Estructuras metálicas. -- Estructuras de madera. -- Cubiertas. -- Revoques. -- Revestimientos. -- Cielorrasos. -- Solados. -- Carpintería metálica. -- Carpintería de madera. -- Escaleras. -- Pintura. -- Vidrios. -- Selladores. -- Viviendas industrializadas. -- Edificios inteligentes. -- optimización del consumo eléctrico. -- Instalaciones. -- Acústica. -- La calidad de una obra pública. -- Hacia una obra segura.
650 14 - SUBJECT ADDED ENTRY--TOPICAL TERM
Topical term or geographic name entry element Edificio
General subdivision Control de calidad
9 (RLIN) 25621
650 24 - SUBJECT ADDED ENTRY--TOPICAL TERM
Topical term or geographic name entry element Ingeniería civil
9 (RLIN) 36771
650 24 - SUBJECT ADDED ENTRY--TOPICAL TERM
Topical term or geographic name entry element Industria de la construcción
General subdivision Control de calidad
9 (RLIN) 36772
942 ## - ADDED ENTRY ELEMENTS (KOHA)
Source of classification or shelving scheme Dewey Decimal Classification
Koha item type Books
Existencias
Withdrawn status Lost status Source of classification or shelving scheme Damaged status Not for loan Home library Current library Shelving location Date acquired Source of acquisition Total Checkouts Full call number Barcode Date last seen Date last checked out Copy number Price effective from Koha item type
    Dewey Decimal Classification     Biblioteca Pública José María del Castillo y Rada Biblioteca Pública José María del Castillo y Rada General Stacks 04/15/2018 Donación 1 690 / V795c 430000144 04/03/2025 04/02/2025 Ej.1 03/10/2021 Books